00397nam a2200145Ia 4500008004100000020001800041082001500059100001900074245007300093250000800166260002500174300001300199500002400212650001500236230524s9999 xx 000 0 und d a9780070615632 a658.3bCAS aWayne F.Cascio 0aManaging Human Resources : Productivity Quality of Work Life Profits a7TH aNEW DELHIbTMHc2008 aXXIV;662 aQuantity Number: 3 aManagement